Dibuja las fronteras y los países sin fronteras en un mapa - Estadísticas

Estadísticas generales
  • Esta prueba ha sido intentada 74 veces
  • La puntuación promedio es 224 de 357
Respuestas en el mapa
Las respuestas están codificadas por una escala verde-roja en el mapa de la prueba según el % correcto abajo.
 
Estadísticas de respuestas
Respuesta % Correcto
Fronteras Canadá-Estados Unidos
85%
Fronteras México-Estados Unidos
85%
Fronteras Argentina-Brasil
79%
Fronteras Argentina-Chile
79%
Fronteras Brasil-Colombia
79%
Fronteras Brasil-Perú
79%
Fronteras Colombia-Venezuela
79%
Fronteras Guatemala-México
79%
Fronteras Argentina-Bolivia
77%
Fronteras Argentina-Uruguay
77%
Fronteras Belice-México
77%
Fronteras Bolivia-Brasil
77%
Fronteras Bolivia-Chile
77%
Fronteras Bolivia-Perú
77%
Fronteras Brasil-Uruguay
77%
Fronteras Brasil-Venezuela
77%
Fronteras Chile-Perú
77%
Fronteras Colombia-Ecuador
77%
Fronteras Colombia-Panamá
77%
Fronteras Colombia-Perú
77%
Fronteras Costa Rica-Panamá
77%
Fronteras Ecuador-Perú
77%
Fronteras Francia-España
77%
Fronteras Portugal-España
77%
Fronteras Alemania-Polonia
74%
Fronteras Andorra-España
74%
Fronteras Argentina-Paraguay
74%
Fronteras Bolivia-Paraguay
74%
Fronteras Brasil-Paraguay
74%
Fronteras Costa Rica-Nicaragua
74%
Países sin fronteras Cuba
74%
Fronteras Estonia-Letonia
74%
Fronteras Estonia-Rusia
74%
Fronteras Francia-Italia
74%
Fronteras Guyana-Surinam
74%
Fronteras Italia-Suiza
74%
Fronteras Letonia-Lituania
74%
Fronteras República Checa-Polonia
74%
Fronteras Rusia-Ucrania
74%
Fronteras Alemania-Países Bajos
72%
Países sin fronteras Australia
72%
Fronteras Austria-República Checa
72%
Fronteras Bélgica-Francia
72%
Fronteras Bélgica-Países Bajos
72%
Fronteras Bielorrusia-Polonia
72%
Fronteras Bielorrusia-Rusia
72%
Fronteras Bielorrusia-Ucrania
72%
Fronteras Bosnia y Herzegovina-Croacia
72%
Fronteras Brasil-Surinam
72%
Fronteras Dinamarca-Alemania
72%
Fronteras El Salvador-Guatemala
72%
Fronteras El Salvador-Honduras
72%
Fronteras Finlandia-Rusia
72%
Fronteras Francia-Alemania
72%
Fronteras Francia-Suiza
72%
Países sin fronteras Granada
72%
Fronteras Grecia-Macedonia del Norte
72%
Fronteras Guyana-Venezuela
72%
Fronteras Hungría-Rumanía
72%
Fronteras Irlanda-Reino Unido
72%
Fronteras Italia-Eslovenia
72%
Fronteras Letonia-Rusia
72%
Fronteras Polonia-Ucrania
72%
Fronteras Rumanía-Ucrania
72%
Países sin fronteras Santa Lucía
72%
Fronteras Albania-Kosovo
69%
Fronteras Alemania-Suiza
69%
Fronteras Andorra-Francia
69%
Fronteras Arabia Saudita-Emiratos Árabes Unidos
69%
Fronteras Argelia-Marruecos
69%
Fronteras Argelia-Níger
69%
Fronteras Austria-Alemania
69%
Fronteras Austria-Italia
69%
Países sin fronteras Barbados
69%
Fronteras Bielorrusia-Lituania
69%
Fronteras Bosnia y Herzegovina-Serbia
69%
Fronteras Brasil-Guyana
69%
Fronteras Bulgaria-Rumanía
69%
Fronteras China-India
69%
Fronteras China-Mongolia
69%
Fronteras China-Rusia
69%
Fronteras Egipto-Sudán
69%
Fronteras Guatemala-Honduras
69%
Fronteras Honduras-Nicaragua
69%
Fronteras India-Pakistán
69%
Fronteras Irak-Turquía
69%
Fronteras Irán-Turquía
69%
Fronteras Italia-Ciudad del Vaticano
69%
Fronteras Kazajistán-Rusia
69%
Fronteras Kosovo-Macedonia del Norte
69%
Fronteras Lituania-Polonia
69%
Países sin fronteras Malta
69%
Fronteras Mauritania-Senegal
69%
Fronteras Noruega-Suecia
69%
Fronteras Omán-Arabia Saudita
69%
Fronteras Omán-Yemen
69%
Fronteras República Dominicana-Haití
69%
Fronteras Afganistán-Irán
67%
Fronteras Afganistán-Pakistán
67%
Fronteras Albania-Grecia
67%
Fronteras Albania-Montenegro
67%
Fronteras Arabia Saudita-Yemen
67%
Fronteras Argelia-Libia
67%
Fronteras Argelia-Malí
67%
Fronteras Argelia-Mauritania
67%
Fronteras Argelia-Túnez
67%
Fronteras Armenia-Georgia
67%
Fronteras Armenia-Turquía
67%
Fronteras Austria-Eslovenia
67%
Fronteras Bélgica-Luxemburgo
67%
Fronteras Bielorrusia-Letonia
67%
Fronteras Bulgaria-Grecia
67%
Fronteras Bulgaria-Serbia
67%
Fronteras Chad-Libia
67%
Fronteras China-Corea del Norte
67%
Fronteras Corea del Norte-Corea del Sur
67%
Fronteras Croacia-Eslovenia
67%
Fronteras Croacia-Serbia
67%
Fronteras Egipto-Israel
67%
Fronteras Egipto-Libia
67%
Fronteras Finlandia-Suecia
67%
Países sin fronteras Fiyi
67%
Fronteras Francia-Luxemburgo
67%
Fronteras Georgia-Rusia
67%
Fronteras Georgia-Turquía
67%
Fronteras Guinea-Senegal
67%
Fronteras Hungría-Serbia
67%
Fronteras Hungría-Ucrania
67%
Fronteras Irán-Irak
67%
Fronteras Italia-San Marino
67%
Fronteras Kazajistán-Turkmenistán
67%
Fronteras Kazajistán-Uzbekistán
67%
Fronteras Lesoto-Sudáfrica
67%
Fronteras Libia-Sudán
67%
Fronteras Libia-Túnez
67%
Fronteras Lituania-Rusia
67%
Fronteras Macedonia del Norte-Serbia
67%
Fronteras Malí-Mauritania
67%
Fronteras Malí-Níger
67%
Fronteras Mauritania-Marruecos
67%
Fronteras Moldavia-Rumanía
67%
Fronteras Moldavia-Ucrania
67%
Fronteras Níger-Nigeria
67%
Fronteras Nueva Zelanda
67%
Fronteras Omán-Emiratos Árabes Unidos
67%
Fronteras Polonia-Eslovaquia
67%
Fronteras República Checa-Alemania
67%
Fronteras República Checa-Eslovaquia
67%
Fronteras Rumanía-Serbia
67%
Países sin fronteras Seychelles
67%
Fronteras Siria-Turquía
67%
Fronteras Sudán del Sur-Sudán
67%
Fronteras Albania-Macedonia del Norte
64%
Países sin fronteras Antigua y Barbuda
64%
Fronteras Austria-Hungría
64%
Fronteras Austria-Suiza
64%
Países sin fronteras Bahamas
64%
Fronteras Bangladés-India
64%
Fronteras Bélgica-Alemania
64%
Fronteras Bulgaria-Macedonia del Norte
64%
Fronteras Catar-Arabia Saudita
64%
Fronteras China-Kazajistán
64%
Fronteras China-Kirguistán
64%
Fronteras China-Laos
64%
Fronteras China-Nepal
64%
Países sin fronteras Chipre
64%
Fronteras Estados Federados de Micronesia
64%
Fronteras Grecia-Turquía
64%
Fronteras India-Nepal
64%
Fronteras Irán-Pakistán
64%
Fronteras Irán-Turkmenistán
64%
Países sin fronteras Islas Marshall
64%
Fronteras Jordania-Siria
64%
Fronteras Kazajistán-Kirguistán
64%
Fronteras Kosovo-Serbia
64%
Fronteras Libia-Níger
64%
Fronteras Mongolia-Rusia
64%
Fronteras Montenegro-Serbia
64%
Fronteras Palaos
64%
Fronteras Polonia-Rusia
64%
Países sin fronteras San Cristóbal y Nieves
64%
Países sin fronteras San Vicente y las Granadinas
64%
Países sin fronteras Sri Lanka
64%
Países sin fronteras Trinidad y Tobago
64%
Fronteras Turkmenistán-Uzbekistán
64%
Países sin fronteras Tuvalu
64%
Países sin fronteras Vanuatu
64%
Fronteras Afganistán-Turkmenistán
62%
Fronteras Alemania-Luxemburgo
62%
Fronteras Austria-Eslovaquia
62%
Fronteras Benín-Togo
62%
Fronteras Brasil-Francia
62%
Fronteras Burkina Faso-Malí
62%
Países sin fronteras Cabo Verde
62%
Fronteras Chad-Níger
62%
Fronteras China-Myanmar
62%
Fronteras China-Pakistán
62%
Fronteras China-Tayikistán
62%
Países sin fronteras Comoras
62%
Fronteras Costa de Marfil-Malí
62%
Fronteras Croacia-Hungría
62%
Países sin fronteras Dominica
62%
Fronteras Eslovaquia-Ucrania
62%
Fronteras Etiopía-Somalia
62%
Fronteras Etiopía-Sudán
62%
Fronteras Francia-Mónaco
62%
Fronteras Francia-Surinam
62%
Fronteras Gambia-Senegal
62%
Fronteras Irak-Arabia Saudita
62%
Fronteras Irak-Siria
62%
Países sin fronteras Islandia
62%
Fronteras Israel-Líbano
62%
Países sin fronteras Jamaica
62%
Países sin fronteras Japón
62%
Fronteras Jordania-Arabia Saudita
62%
Fronteras Kirguistán-Tayikistán
62%
Fronteras Kirguistán-Uzbekistán
62%
Fronteras Laos-Tailandia
62%
Fronteras Laos-Vietnam
62%
Países sin fronteras Madagascar
62%
Países sin fronteras Maldivas
62%
Países sin fronteras Mauricio
62%
Fronteras Mozambique-Sudáfrica
62%
Fronteras Myanmar-Tailandia
62%
Fronteras República Democrática del Congo-Sudán del Sur
62%
Fronteras Afganistán-Tayikistán
59%
Fronteras Afganistán-Uzbekistán
59%
Fronteras Angola-Namibia
59%
Países sin fronteras Baréin
59%
Fronteras Benín-Nigeria
59%
Fronteras Burkina Faso-Costa de Marfil
59%
Fronteras Burkina Faso-Níger
59%
Fronteras Bután-China
59%
Fronteras Camboya-Laos
59%
Fronteras Camboya-Tailandia
59%
Fronteras Camboya-Vietnam
59%
Fronteras Camerún-Guinea Ecuatorial
59%
Fronteras Camerún-República del Congo
59%
Fronteras Chad-Nigeria
59%
Fronteras Chad-Sudán
59%
Fronteras China-Vietnam
59%
Fronteras Etiopía-Sudán del Sur
59%
Fronteras Finlandia-Noruega
59%
Fronteras Ghana-Costa de Marfil
59%
Fronteras Hungría-Eslovaquia
59%
Fronteras Indonesia-Papúa Nueva Guinea
59%
Países sin fronteras Islas Salomón
59%
Fronteras Kenia-Somalia
59%
Fronteras Kenia-Sudán del Sur
59%
Fronteras Kenia-Tanzania
59%
Países sin fronteras Kiribati
59%
Fronteras Kuwait-Arabia Saudita
59%
Fronteras Mozambique-Tanzania
59%
Fronteras Namibia-Sudáfrica
59%
Fronteras República Centroafricana-Chad
59%
Fronteras República Centroafricana-República del Congo
59%
Fronteras República Centroafricana-República Democrática del Congo
59%
Fronteras República Centroafricana-Sudán
59%
Fronteras República Centroafricana-Sudán del Sur
59%
Países sin fronteras Taiwán
59%
Fronteras Tayikistán-Uzbekistáb
59%
Países sin fronteras Tonga
59%
Fronteras Benín-Burkina Faso
56%
Fronteras Benín-Níger
56%
Fronteras Bosnia y Herzegovina-Montenegro
56%
Fronteras Botsuana-Namibia
56%
Fronteras Botsuana-Sudáfrica
56%
Fronteras Burkina Faso-Ghana
56%
Fronteras Burkina Faso-Togo
56%
Fronteras Camerún-Chad
56%
Fronteras Camerún-Nigeria
56%
Fronteras Camerún-República Centroafricana
56%
Fronteras Eritrea-Etiopía
56%
Fronteras Esuatini-Sudáfrica
56%
Fronteras Etiopía-Kenia
56%
Fronteras Ghana-Togo
56%
Fronteras Guinea-Guinea-Bissau
56%
Fronteras Guinea-Malí
56%
Fronteras Guinea-Sierra Leona
56%
Fronteras Irak-Jordania
56%
Fronteras Kenia-Uganda
56%
Fronteras Líbano-Siria
56%
Fronteras Malasia-Singapur
56%
Fronteras Malasia-Tailandia
56%
Fronteras Malí-Senegal
56%
Fronteras Mozambique-Zimbabue
56%
Países sin fronteras Nauru
56%
Fronteras República Democrática del Congo-Uganda
56%
Países sin fronteras Samoa
56%
Países sin fronteras Santo Tomé y Príncipe
56%
Fronteras Sudáfrica-Zimbabue
56%
Fronteras Sudán del Sur-Uganda
56%
Fronteras Tanzania-Uganda
56%
Fronteras Angola-República Democrática del Congo
54%
Fronteras Bangladés-Myanmar
54%
Fronteras Belice-Guatemala
54%
Fronteras Botsuana-Zimbabue
54%
Fronteras Bulgaria-Turquía
54%
Fronteras Bután-India
54%
Fronteras Costa de Marfil-Liberia
54%
Fronteras Guinea-Bissau-Senegal
54%
Fronteras Guinea-Liberia
54%
Fronteras Indonesia-Malasia
54%
Fronteras Israel-Jordania
54%
Fronteras Laos-Myanmar
54%
Fronteras Liberia-Sierra Leona
54%
Fronteras Marruecos-España
54%
Fronteras Mozambique-Zambia
54%
Fronteras Noruega-Rusia
54%
Fronteras República Democrática del Congo-Ruanda
54%
Fronteras República Democrática del Congo-Tanzania
54%
Fronteras Tanzania-Zambia
54%
Fronteras Zambia-Zimbabue
54%
Fronteras Angola-República del Congo
51%
Fronteras Angola-Zambia
51%
Fronteras Austria-Liechtenstein
51%
Fronteras Azerbaiyán-Irán
51%
Fronteras Azerbaiyán-Rusia
51%
Fronteras Burundi-Ruanda
51%
Fronteras Camerún-Gabón
51%
Países sin fronteras Filipinas
51%
Fronteras Guinea-Costa de Marfil
51%
Fronteras Irak-Kuwait
51%
Fronteras Liechtenstein-Suiza
51%
Fronteras República Democrática del Congo -República del Congo
51%
Fronteras Ruanda-Uganda
51%
Fronteras Yibuti-Somalia
51%
Fronteras Afganistán-China
49%
Fronteras Armenia-Azerbaiyán
49%
Fronteras Azerbaiyán-Georgia
49%
Fronteras Burundi-República Democrática del Congo
49%
Fronteras Corea del Norte-Rusia
49%
Fronteras Esuatini-Mozambique
49%
Fronteras Guinea Ecuatorial-Gabón
49%
Fronteras India-Myanmar
49%
Fronteras Malaui-Mozambique
49%
Fronteras Malaui-Tanzania
49%
Fronteras República Democrática del Congo-Zambia
49%
Fronteras Ruanda-Tanzania
49%
Fronteras Timor Oriental-Indonesia
49%
Fronteras Yibuti-Eritrea
49%
Fronteras Brunéi-Malasia
46%
Fronteras España-Reino Unido
46%
Fronteras Gabón-República del Congo
46%
Fronteras Hungría-Eslovenia
46%
Fronteras Malaui-Zambia
46%
Fronteras Yibuti-Etiopía
46%
Fronteras Burundi-Tanzania
44%
Fronteras Croacia-Montenegro
44%
Fronteras Eritrea-Sudán
44%
Fronteras Israel-Siria
44%
Fronteras Armenia-Irán
41%
Fronteras Azerbaiyán-Turquía
41%
Fronteras Botsuana-Zambia
38%
Fronteras Kosovo-Montenegro
38%
Fronteras Francia-Países Bajos
36%
Fronteras Namibia-Zambia
31%
No se encontraron pruebas coincidentes
Distribución de puntuación
Porcentaje de gente con cada puntuación
Porcentaje por número respondido
Historial de tus puntuaciones
No has intentado esta prueba.